Standard mathematical tables / (Record no. 97551)

MARC details
000 -LEADER
fixed length control field 00653cam a2200229I 4500
008 - FIXED-LENGTH DATA ELEMENTS--GENERAL INFORMATION
fixed length control field
049 ## - LOCAL HOLDINGS (OCLC)
Holding library MAIN
090 ## - LOCALLY ASSIGNED LC-TYPE CALL NUMBER (OCLC); LOCAL CALL NUMBER (RLIN)
Classification number (OCLC) (R) ; Classification number, CALL (RLIN) (NR) QA47
Local cutter number (OCLC) ; Book number/undivided call number, CALL (RLIN) CHE
003 - CONTROL NUMBER IDENTIFIER
control field
005 - DATE AND TIME OF LATEST TRANSACTION
control field 20230120144457.0
040 ## - CATALOGING SOURCE
Transcribing agency NUST
110 2# - MAIN ENTRY--CORPORATE NAME
Corporate name or jurisdiction name as entry element Chemical Rubber Company.
245 10 - TITLE STATEMENT
Title Standard mathematical tables /
Statement of responsibility, etc. editor-in-chief of Mathematics, Samuel M. Selby.
250 ## - EDITION STATEMENT
Edition statement 15th ed.
260 ## - PUBLICATION, DISTRIBUTION, ETC.
Place of publication, distribution, etc. Cleveland, Ohio :
Name of publisher, distributor, etc. CRC Press,
Date of publication, distribution, etc. 1965.
300 ## - PHYSICAL DESCRIPTION
Extent 664 p. :
Dimensions 24 cm.
500 ## - GENERAL NOTE
General note Includes index.
650 #0 - SUBJECT ADDED ENTRY--TOPICAL TERM
Topical term or geographic name entry element Mathematics
General subdivision Tables.
700 10 - ADDED ENTRY--PERSONAL NAME
Personal name Selby, Samuel M.
907 ## - LOCAL DATA ELEMENT G, LDG (RLIN)
a .b10346910
b 15-10-14
c 01-09-14
942 ## - ADDED ENTRY ELEMENTS (KOHA)
Koha item type Ordinary Loan Books
Call number prefix QA47
Call number suffix CHE
Holdings
Date last seen Total Checkouts Full call number Barcode Cost, replacement price Price effective from Koha item type Lost status Source of classification or shelving scheme Damaged status Not for loan Collection Withdrawn status Home library Current library Shelving location Date acquired Cost, normal purchase price
01/20/2023   QA47 STA 92004035898 80.00 01/20/2023 BOOKS   LCC   1 NFIC   MAIN MAIN GEN 01/20/2023 80.00